| 000 | 00647nam a2200229Ia 4500 | ||
|---|---|---|---|
| 005 | 20240805093243.0 | ||
| 008 | 131103s9999 xx 000 0 und d | ||
| 020 | _a0 416 10180 1 | ||
| 040 | _aLoreto College | ||
| 041 | _aEnglish | ||
| 082 |
_a822.33 _bBRO |
||
| 245 | 4 |
_aThe Merchant of venice _cEdited by John Russell Brown |
|
| 260 |
_aLondon _bMethuen _c1969 |
||
| 300 | _alviii,174p. | ||
| 440 | _aThe arden edition of the works of William Shakespeare | ||
| 504 | _aIncludes appendix | ||
| 650 | _aShakespeare, William - Drama | ||
| 651 | _aEnglish drama | ||
| 700 | _aBrown, John Russell, ed. | ||
| 850 | _aLCBED | ||
| 942 | _cBK | ||
| 999 |
_c29890 _d80369 |
||